000 00460nam a2200181Ia 4500
003 GCL
008 140319s9999 xx 000 0 eng d
040 _aGCL /
_cGCL
082 0 4 _a611.01
_bR F
100 1 _aRAYNER, CLAIRE
245 1 0 _aFUNK & WANGANLLS ATLAS OF THE BODY /
_cRAYNER, CLAIRE
260 _a[S.N] :
_bRAND MC NALLY & COMPANY
300 _a160 P
650 0 4 _aATLASES
650 0 4 _aHUMAN BODY
650 0 4 _aHUMAN - ANATOMY
942 _2ddc
_cBK
999 _c14201
_d14201